Culture Générale 1 - Statistiques

Statistiques générales
  • Ce quiz a été pris 64 fois
  • Le résultat moyen est 13 sur 50
Statistiques - réponses
Questions Réponses % Correct
Comment appelle-t-on l'explosion d'une étoile ? Supernova
73%
Quels accords ont mis fin à la Guerre d'Algérie ? Les accords d'Evian
71%
Michael Schumacher
64%
Quels pilotes de Formule 1 ont remporté au moins quatre titres de Champion du Monde ? Lewis Hamilton
59%
Quelle est la deuxième planète du système solaire ? Vénus
59%
Combien de titres compte Rafael Nadal à Roland-Garros ? 14
57%
Alain Prost
55%
Quel écurie automobile possède le record du nombre de victoires aux 24h du Mans ? Ferrari
43%
Qui a écrit la Marseillaise ? Rouget de Lisle
41%
Quelle région américaine regroupe les sièges des plus grandes entreprises informatiques ? La Silicon Valley
39%
Quelle chaîne de montagnes russe marque la frontière entre l'Europe et l'Asie ? L'Oural
39%
Sebastian Vettel
39%
Quel chanteur a représenté la France lors de l'Eurovision 2024 ? Slimane
39%
Quelle institution gère les lycées ? Conseil régional
38%
Quelle saga cinématographique adaptée d'un roman a reçu un total de 17 Oscars pour 30 nominations ? Le Seigneur des anneaux
38%
Quel général américain ayant commandé le Débarquement de Normandie est par la suite devenu Président ? Dwight D. Eisenhower
34%
Dans la saga de jeux vidéos Call of Duty, quelle série a été développée par le studio Treyarch ? Black Ops
30%
Quelle avocate française est devenue un symbole de la lutte pour le droit à l'IVG après le procès de Bobigny ? Gisèle Halimi
29%
Dans quel ouvrage Simone de Beauvoir a-t-elle choqué le monde en dévoilant sa vision de la femme et en décrivant la société patriarcale ? Le Deuxième Sexe
29%
Quel service proposait Netflix a sa création ? Location et achat de films à domicile
27%
Quel est le nom de la loi de 1991 qui a notamment interdit la consommation de tabac dans les lieux collectifs ? Loi Evin
27%
Quel coureur cycliste a remporté cinq Tour de France entre 1991 et 1995 ? Miguel Indurain
27%
Quel rallye se déroulant partiellement en France est considéré comme l'un des plus mythiques au monde ? Rallye de Monte-Carlo
25%
Qui a écrit La Princesse de Clèves ? Madame de La Fayette
23%
Qui fut le premier président de la République après la Seconde Guerre Mondiale ? Vincent Auriol
23%
Au cours de quelle bataille Napoléon III a-t-il été capturé ? Bataille de Sedan
21%
Quelle célèbre série de comics Marvel faisant s'affronter les héros a donné lieu a une adaptation cinématographique en 2016 ? Civil War
21%
Quel roi d'Angleterre, frère de Richard Cœur de Lion, a été contraint de signer la Magna Carta ? Jean Sans Terre
21%
Juan Manuel Fangio
21%
Qui était surintendant de la musique de Louis XIV ? Jean-Baptiste Lully
20%
Quelle particule élémentaire découverte en 2013 confère sa masse à chaque particule ? Le boson de Higgs
18%
Quelle légende du trail a réussi à gravir les 82 sommets alpins de plus de 4000m sans assistance en 19 jours ? Kilian Jornet
16%
Quel pays possède un quasi monopole (~70%) sur le marché du semi-conducteur ? Taiwan
16%
Quel aviateur a réalisé le premier vol New York-Paris en 1927 ? Charles Lindbergh
14%
Quelle civilisation nord-africaine a dominé le pourtour méditérannéen pendant le IIe siècle avant JC ? La civilisation Carthaginoise
14%
Quel projet mondial basé en France a pour objectif la maîtrise de la fusion nucélaire Le Projet ITER
13%
Quel journaliste français a donné son nom à un prix récompensant la profession ? Albert Londres
9%
Qui est le Premier ministre espagnol ? Pedro Sanchez
9%
Quel terme désignait les pays d'Amérique Centrale et du Sud sous contrôle de grandes entreprises fruitières américaines République bananière
9%
Quel joueur de hockey sur glace est considéré comme le GOAT ? Wayne Gretzky
9%
Quelle est la deuxième plus haute montagne d'Afrique ? Mont Kenya
7%
Quel est la plus grande province canadienne en superficie ? Nunavut
7%
Lors de quel conflit la France a-t-elle perdu le contrôle de ses territoires au Canada ? Guerre de Sept Ans
5%
Quel événement a donné lieu à la séparation de l'Inde et du Pakistan, faisant des millions de morts ? La Partition
4%
Qui a été le premier joueur français en NBA Tariq Abdul-Wahad
4%
Grâce à quel moyen peut-on chiffrer des mails ? Clé de chiffrement
2%
Quel est le vrai nom de Voltaire ? François-Marie Aurouet
2%
Qui a remporté le Prix Nobel de littérature 2024 ? Han Kang
2%
Sur quel réseau social les chaînes médiatiques font-elles partie des plus suivies ? Whatsapp
2%
Grâce à quelle invention Michelin a pu devenir l'une des plus grandes entreprises françaises ? Le pneu démontable
0%
Aucun quiz correspondant
Distribution des résultats
% des personnes avec chaque résultat
Percentile par nombre de réponses
Votre historique - résultats
Vous n’avez pas pris ce quiz